Perspektíva vstupu Bulharska do Eurozóny bakalárska práca

Saved in:
Bibliographic Details
Main Author: Buzinkay, Patrik
Corporate Author: Národohospodárska fakulta EU. Katedra bankovníctva a medzinárodných financií
Other Authors: Zeman, Mário, 1993-
Format: Book
Language:Slovak
Published: Bratislava 2023
Tags: Add Tag
No Tags, Be the first to tag this record!

MARC

LEADER 00000nbm a2200000 4500
001 0294470
005 20231023121111.9
041 0 |a slo 
044 |a SK 
245 1 0 |a Perspektíva vstupu Bulharska do Eurozóny  |b bakalárska práca  |c Patrik Buzinkay ; školiteľ: Mário Zeman 
264 1 |a Bratislava  |c 2023 
300 |a 48 s. 
100 1 |a Buzinkay, Patrik 
700 1 |a Zeman, Mário, 1993- 
710 2 |a Národohospodárska fakulta EU. Katedra bankovníctva a medzinárodných financií